[Event "20th EUR-ch"]
[Site "Skopje MKD"]
[Date "2019.03.19"]
[Round "2"]
[White "Paichadze, Luka"]
[Black "Colovic, Aleksandar"]
[Result "1/2-1/2"]
[WhiteElo "2576"]
[BlackElo "2449"]
[EventDate "2019.03.18"]
[Board "57"]
[PlyCount "74"]

1.e4 c5 2.Nf3 e6 3.c3 Nf6 4.e5 Nd5 5.d4 cxd4 6.cxd4 d6 7.Bc4 Be7 8.O-O O-O
9.Qe2 b6 10.Rd1 Bb7 11.Bxd5 exd5 12.Nc3 Nd7 13.Bf4 dxe5 14.dxe5 Nc5 15.Nd4
Ne6 16.Qg4 Nxf4 17.Qxf4 Bg5 18.Qg3 Bh4 19.Qg4 Qg5 20.Qd7 Qe7 21.Qxe7 Bxe7 
22.Nf5 Bc5 23.Nxd5 Rfd8 24.Nd6 Bxd5 25.Rxd5 f6 26.Rad1 fxe5 27.Nf5 Re8 28.
Rd7 Bf8 29.h4 g6 30.Ne3 Re7 31.Ng4 Rxd7 32.Rxd7 Bg7 33.Ne3 a5 34.Rb7 Rd8 
35.Rxb6 Rd4 36.g3 Bh6 37.Rb5 Re4 1/2-1/2

[Event "20th EUR-ch"]
[Site "Skopje MKD"]
[Date "2019.03.19"]
[Round "2"]
[White "Godena, Michele"]
[Black "Alexandrov, Alexei"]
[Result "1/2-1/2"]
[WhiteElo "2449"]
[BlackElo "2574"]
[EventDate "2019.03.18"]
[Board "58"]
[PlyCount "33"]

1.e4 e5 2.Nf3 Nc6 3.Bc4 Bc5 4.d3 Nf6 5.Nc3 d6 6.Na4 a6 7.Nxc5 dxc5 8.Be3 
Qe7 9.a3 b6 10.Qd2 O-O 11.h3 a5 12.Bg5 Be6 13.Bb5 Na7 14.Ba6 Nc8 15.Bb5 
Na7 16.Ba6 Nc8 17.Bb5 1/2-1/2

[Event "20th EUR-ch"]
[Site "Skopje MKD"]
[Date "2019.03.19"]
[Round "2"]
[White "Buhmann, Rainer"]
[Black "Draskovic, Luka"]
[Result "1-0"]
[WhiteElo "2568"]
[BlackElo "2449"]
[EventDate "2019.03.18"]
[Board "59"]
[PlyCount "81"]

1.e4 c5 2.Be2 Nc6 3.d3 g6 4.f4 Bg7 5.Nf3 Nf6 6.O-O O-O 7.c3 c4 8.Kh1 cxd3 
9.Bxd3 d5 10.e5 Nd7 11.Nbd2 Nc5 12.Bc2 Bf5 13.Bxf5 gxf5 14.Nb3 Ne4 15.Be3 
e6 16.Qe2 f6 17.exf6 Rxf6 18.Rad1 Rh6 19.Kg1 Qe7 20.c4 Rd8 21.Nbd4 Rg6 22.
cxd5 Rxd5 23.Nxc6 bxc6 24.Rc1 Qb7 25.Rc2 Bf6 26.Rfc1 Rd6 27.Nd2 Nxd2 28.
Rxd2 Rxd2 29.Qxd2 Rg7 30.b3 Rd7 31.Qc2 Qa6 32.Qc4 Qxc4 33.Rxc4 Rc7 34.Bc5 
Kf7 35.Ra4 Be7 36.Bxa7 c5 37.Kf1 Bd6 38.g3 Rc6 39.Ke2 Ke7 40.Kd3 Kd7 41.
Kc4 1-0

[Event "20th EUR-ch"]
[Site "Skopje MKD"]
[Date "2019.03.19"]
[Round "2"]
[White "Pultinevicius, Paulius"]
[Black "Meskovs, Nikita"]
[Result "1/2-1/2"]
[WhiteElo "2439"]
[BlackElo "2568"]
[EventDate "2019.03.18"]
[Board "60"]
[PlyCount "99"]

1.c4 Nf6 2.Nc3 g6 3.e4 d6 4.d4 Bg7 5.Bd3 O-O 6.Nge2 c5 7.d5 e6 8.O-O exd5 
9.cxd5 a6 10.a4 Nbd7 11.Ng3 Rb8 12.a5 Re8 13.Bc2 b5 14.axb6 Nxb6 15.Bd3 
Nfd7 16.f4 c4 17.Bc2 Nc5 18.Be3 Nbd7 19.Rb1 Qa5 20.Bd4 Bxd4+ 21.Qxd4 Qb6 
22.Nge2 a5 23.Kh1 Ba6 24.Qf2 Nb3 25.Rbe1 Ndc5 26.f5 Nd3 27.Qh4 Nd2 28.f6 
Nxf1 29.Bxd3 h5 30.Rxf1 cxd3 31.Nf4 Qd4 32.Nxg6 fxg6 33.f7+ Kg7 34.fxe8=Q 
Rxe8 35.Qf4 Qa7 36.Qxd6 Kh7 37.Rf6 d2 38.Qxa6 ( 38.Rxg6 ) 38...Qxa6 39.
Rxa6 Rxe4 40.Kg1 Re3 41.Nd1 Re1+ 42.Kf2 Rxd1 43.Ke2 Rg1 44.Kxd2 Rxg2+ 45.
Kc3 Kg7 46.d6 Kf7 47.Rxa5 Rxh2 48.d7 Ke7 49.Rg5 Kxd7 50.Rxg6 1/2-1/2

[Event "20th EUR-ch"]
[Site "Skopje MKD"]
[Date "2019.03.19"]
[Round "2"]
[White "Moroni, Luca jr"]
[Black "Arsovic, Goran"]
[Result "1/2-1/2"]
[WhiteElo "2564"]
[BlackElo "2380"]
[EventDate "2019.03.18"]
[Board "61"]
[PlyCount "77"]

1.d4 Nf6 2.c4 g6 3.g3 Bg7 4.Bg2 d6 5.Nc3 O-O 6.Nf3 Nc6 7.O-O e5 8.dxe5 
dxe5 9.Bg5 Be6 10.Nd2 Qb8 11.Bxf6 Bxf6 12.Nde4 Be7 13.Nd5 Qd8 14.Qa4 Bxd5 
15.cxd5 Nd4 16.e3 Nf5 17.Rac1 Nd6 18.Nc5 Re8 19.Bh3 Bg5 20.Rc2 Re7 21.Rfc1
h5 22.Nd7 b5 23.Qa6 Rxd7 24.Bxd7 Qxd7 25.Rxc7 Qd8 26.Qc6 Qf8 27.h4 Bf6 28.
Rc2 Kg7 29.Qa6 Qd8 30.R2c6 Ne8 31.Rc8 Rxc8 32.Qxc8 Qxd5 33.Qxe8 Qd1+ 34.
Kh2 Qd2 35.Kg2 Qd5+ 36.Kf1 Qd1+ 37.Kg2 Qd5+ 38.Kh2 Qd2 39.Kg2 1/2-1/2

[Event "20th EUR-ch"]
[Site "Skopje MKD"]
[Date "2019.03.19"]
[Round "2"]
[White "Todorovic, Goran M"]
[Black "Alonso Rosell, Alvar"]
[Result "0-1"]
[WhiteElo "2429"]
[BlackElo "2559"]
[EventDate "2019.03.18"]
[Board "62"]
[PlyCount "58"]

1.e4 e5 2.Nf3 Nc6 3.Bb5 a6 4.Ba4 g6 5.d4 b5 6.Bb3 exd4 7.c3 Bg7 8.cxd4 Na5
9.Bc2 d6 10.h3 Ne7 11.O-O O-O 12.Re1 c5 13.Nc3 cxd4 14.Nxd4 Bb7 15.Bg5 h6 
16.Bh4 Rc8 17.Nf5 gxf5 18.exf5 f6 19.Ne2 Rf7 20.Nd4 Qb6 21.Ne6 Rc4 22.Qh5 
Rxc2 23.Re3 Nc4 24.Rae1 Nxe3 25.Rxe3 Bd5 26.Nxg7 Qxe3 27.fxe3 Rxg2+ 28.Kf1
Rfxg7 29.b3 Be4 0-1

[Event "20th EUR-ch"]
[Site "Skopje MKD"]
[Date "2019.03.19"]
[Round "2"]
[White "Lomasov, Semyon"]
[Black "Mitsis, Georgios"]
[Result "1-0"]
[WhiteElo "2559"]
[BlackElo "2338"]
[EventDate "2019.03.18"]
[Board "63"]
[PlyCount "133"]

1.e4 e5 2.Nf3 Nc6 3.d4 exd4 4.Nxd4 Nf6 5.Nxc6 bxc6 6.e5 Qe7 7.Qe2 Nd5 8.c4
Nb6 9.Nc3 Qe6 10.Qe4 g6 11.Bd2 Bg7 12.c5 Nd5 13.Bc4 Qxe5 14.Qxe5+ Bxe5 15.
O-O-O O-O 16.Bxd5 cxd5 17.Nxd5 Bb7 18.Ba5 Rfe8 19.Rhe1 Rac8 20.g3 g5 21.
Kc2 Kf8 22.Re3 Re6 23.Rd2 h6 24.b3 Ke8 25.a4 f6 26.b4 a6 27.Kb3 Bc6 28.
Red3 g4 29.f4 gxf3 30.Rxf3 d6 31.Re3 Kd7 32.Red3 Bxd5+ 33.Rxd5 c6 34.R5d3 
d5 35.b5 axb5 36.axb5 cxb5 37.Rxd5+ Kc6 38.Bb6 Bc7 39.Bxc7 Rxc7 40.Kb4 
Re4+ 41.R2d4 Re2 42.Rd6+ Kb7 43.Rd2 Re1 44.Rd1 Re2 45.R1d2 Re1 46.Rb6+ Kc8
47.Rxf6 Rb1+ 48.Ka5 Ra7+ 49.Kb6 Rb7+ 50.Kc6 Rc7+ 51.Kb6 Rb7+ 52.Kc6 Rc7+ 
53.Kb6 Rb7+ 54.Kc6 Rc7+ 55.Kd5 Rd7+ 56.Rd6 Rc1 57.c6 Rxd6+ 58.Kxd6 b4 59.
Rb2 Rd1+ 60.Ke5 Kc7 61.Rxb4 Kxc6 62.Kf6 Rd6+ 63.Kg7 Kd5 64.Rh4 Ke5 65.Rxh6
Rd7+ 66.Kg6 Rd6+ 67.Kg5 1-0

[Event "20th EUR-ch"]
[Site "Skopje MKD"]
[Date "2019.03.19"]
[Round "2"]
[White "Terziev, Dimo"]
[Black "Martinovic, Sasa"]
[Result "0-1"]
[WhiteElo "2041"]
[BlackElo "2558"]
[EventDate "2019.03.18"]
[Board "64"]
[PlyCount "84"]

1.e4 e6 2.d3 d5 3.Qe2 Nc6 4.Nf3 d4 5.g3 e5 6.Bg2 Be7 7.Nbd2 h5 8.Nc4 Bf6 
9.a4 Bg4 10.h3 Be6 11.h4 Qd7 12.Ng5 Bxg5 13.hxg5 g6 14.f4 Nge7 15.Nxe5 
Nxe5 16.fxe5 Nc6 17.Bf4 a5 18.c4 O-O-O 19.b3 Qe7 20.Qd2 Rhe8 21.Kf2 Qc5 
22.Rab1 Bg4 23.Bf3 Bd7 24.Rh4 Nxe5 25.Bxe5 Rxe5 26.b4 axb4 27.Qxb4 Qxb4 
28.Rxb4 Rxg5 29.Rf4 Be8 30.e5 c6 31.Re4 Bd7 32.Re1 Kc7 33.a5 Ra8 34.Ra4 
Re8 35.a6 bxa6 36.Rxa6 Rexe5 37.Ra7+ Kd6 38.Rb1 Ra5 39.Rab7 Ra2+ 40.R1b2 
Rga5 41.Be4 Bf5 42.Kf3 Bc8 0-1

[Event "20th EUR-ch"]
[Site "Skopje MKD"]
[Date "2019.03.19"]
[Round "2"]
[White "Arutinian, David"]
[Black "Osmanodja, Filiz"]
[Result "1-0"]
[WhiteElo "2555"]
[BlackElo "2326"]
[EventDate "2019.03.18"]
[Board "65"]
[PlyCount "87"]

1.Nf3 c5 2.c4 Nc6 3.Nc3 e5 4.g3 g6 5.Bg2 Bg7 6.a3 a5 7.d3 Nge7 8.Nd2 d6 9.
Nf1 O-O 10.Rb1 Rb8 11.Ne3 Nd4 12.Bd2 b5 13.Nxb5 Nxb5 14.cxb5 Rxb5 15.a4 
Rb8 16.Nc4 d5 17.Bxa5 Qd7 18.Nb6 Qe6 19.Nxc8 Rfxc8 20.O-O Nc6 21.Bd2 Nd4 
22.e4 dxe4 23.Bxe4 Rd8 24.Bc3 Nb3 25.Qe2 h5 26.Rfe1 h4 27.a5 hxg3 28.hxg3 
Re8 29.Qf3 Rbd8 30.Bc6 Re7 31.Bb5 Nd4 32.Bxd4 cxd4 33.Bc4 Qd6 34.b4 Qc7 
35.a6 Qb6 36.b5 Bh6 37.Kg2 Kg7 38.Qc6 Rb8 39.Qxb6 Rxb6 40.Ra1 Ra7 41.Rxe5 
Bd2 42.Re8 f5 43.g4 Kf6 44.Kf3 1-0

[Event "20th EUR-ch"]
[Site "Skopje MKD"]
[Date "2019.03.19"]
[Round "2"]
[White "Halkias, Stelios"]
[Black "Gunduz, Umut Erdem"]
[Result "1-0"]
[WhiteElo "2552"]
[BlackElo "2205"]
[EventDate "2019.03.18"]
[Board "66"]
[PlyCount "77"]

1.Nf3 Nf6 2.c4 c5 3.Nc3 g6 4.e4 d6 5.d4 cxd4 6.Nxd4 Bg7 7.Be2 O-O 8.O-O 
Nc6 9.Be3 Bd7 10.h3 Nxd4 11.Bxd4 Bc6 12.Qc2 Rc8 13.Rad1 Qa5 14.a3 Nh5 15.
b4 Qg5 16.Bxh5 Bxd4 17.Rxd4 Qxh5 18.Qd2 b6 19.Re1 Rc7 20.Nd5 Bxd5 21.exd5 
Rfc8 22.Rde4 Rxc4 23.Rxe7 Qh4 24.Rxa7 Re4 25.Rxe4 Qxe4 26.Rd7 Qe5 27.Qe3 
Qxd5 28.Qf4 Rc6 29.b5 Rc3 30.Rxd6 Qc5 31.Rc6 Qe7 32.Rxc3 Qe1+ 33.Kh2 Qxc3 
34.Qb8+ Kg7 35.Qxb6 Qxa3 36.Qd4+ Kg8 37.b6 Qe7 38.Qf4 g5 39.Qc7 1-0

[Event "20th EUR-ch"]
[Site "Skopje MKD"]
[Date "2019.03.19"]
[Round "2"]
[White "Tsydypov, Zhamsaran"]
[Black "Milikow, Yoav"]
[Result "1-0"]
[WhiteElo "2551"]
[BlackElo "2200"]
[EventDate "2019.03.18"]
[Board "67"]
[PlyCount "91"]

1.e4 e6 2.d4 d5 3.Nc3 Bb4 4.e5 c5 5.a3 Ba5 6.b4 cxd4 7.Qg4 Kf8 8.Nb5 Bb6 
9.Nf3 Nc6 10.Bb2 Nge7 11.Nbxd4 h5 12.Qf4 Ng6 13.Nxc6 bxc6 14.Qd2 Nh4 15.
Nxh4 Qxh4 16.Bd3 a5 17.O-O g6 18.g3 Qe7 19.Qf4 Kg7 20.Qf6+ Qxf6 21.exf6+ 
Kh7 22.Be5 Ba6 23.Rfc1 Bxd3 24.cxd3 Rhc8 25.h4 c5 26.b5 a4 27.Rab1 Kg8 28.
Bd6 c4 29.dxc4 Rxc4 30.Rxc4 dxc4 31.Be5 Rc8 32.Bc3 Rd8 33.Rb4 Rd3 34.Rxc4 
Rxg3+ 35.Kf1 Rf3 36.Rc6 g5 37.hxg5 Kh7 38.Rxb6 Rxc3 39.Rb8 Rxa3 40.b6 Rb3 
41.b7 a3 42.g6+ fxg6 43.f7 a2 44.Ra8 a1=Q+ 45.Rxa1 Kg7 46.Ra8 1-0

[Event "20th EUR-ch"]
[Site "Skopje MKD"]
[Date "2019.03.19"]
[Round "2"]
[White "Krstevski, Vladimir"]
[Black "Kadric, Denis"]
[Result "0-1"]
[WhiteElo "1451"]
[BlackElo "2547"]
[EventDate "2019.03.18"]
[Board "68"]
[PlyCount "74"]

1.d4 g6 2.c4 Bg7 3.Nc3 c5 4.d5 Bxc3+ 5.bxc3 f5 6.Bf4 d6 7.Nf3 Qa5 8.Qb3 
Nd7 9.e3 Nb6 10.Bd3 Bd7 11.O-O Ba4 12.Qb2 Nf6 13.Nd2 Qa6 14.Qb1 O-O-O 15.
Bg5 Rhe8 16.Re1 Ng4 17.Bf4 Ne5 18.Bxe5 dxe5 19.e4 e6 20.Bf1 Rd6 21.Nb3 Nd7
22.dxe6 Rdxe6 23.exf5 gxf5 24.Qxf5 Rf8 25.Qh3 Qd6 26.Rad1 Qe7 27.Rd5 b6 
28.Re3 Bc6 29.Rd2 Rff6 30.Rg3 e4 31.Rg8+ Kb7 32.Rd1 e3 33.fxe3 Rxe3 34.Qg4
Rf7 35.Qg5 Re1 36.Rxe1 Qxe1 37.Nd2 Qf2+ 0-1

[Event "20th EUR-ch"]
[Site "Skopje MKD"]
[Date "2019.03.19"]
[Round "2"]
[White "Sychev, Klementy"]
[Black "Isik, Alparslan"]
[Result "1-0"]
[WhiteElo "2545"]
[BlackElo "2180"]
[EventDate "2019.03.18"]
[Board "69"]
[PlyCount "64"]

1.d4 Nf6 2.c4 g6 3.Nc3 Bg7 4.e4 d6 5.Be2 O-O 6.Be3 c5 7.d5 e6 8.Nf3 exd5 
9.cxd5 Bg4 10.Nd2 Bxe2 11.Qxe2 a6 12.a4 Nbd7 13.O-O Ne8 14.Nc4 Qe7 15.Rfe1
Nc7 16.Bf4 Ne5 17.a5 Rab8 18.Bxe5 Bxe5 19.Qd2 f6 20.Ne2 Nb5 21.f4 Bd4+ 22.
Nxd4 Nxd4 23.Qd3 Nb5 24.Re3 Rbe8 25.Rae1 Qd7 26.h3 Re7 27.Kh1 Qe8 28.e5 
fxe5 29.fxe5 dxe5 30.d6 Ref7 31.Nxe5 Rf6 32.Ng4 Rf1+ 1-0

[Event "20th EUR-ch"]
[Site "Skopje MKD"]
[Date "2019.03.19"]
[Round "2"]
[White "Warmerdam, Max"]
[Black "Korobov, Anton"]
[Result "1/2-1/2"]
[WhiteElo "2448"]
[BlackElo "2686"]
[EventDate "2019.03.18"]
[Board "74"]
[PlyCount "38"]

1.e4 g6 2.d4 Bg7 3.c3 d6 4.Nf3 Nf6 5.Bd3 O-O 6.O-O Nbd7 7.Re1 e5 8.Nbd2 
Re8 9.h3 h6 10.a4 a5 11.Qc2 Nh5 12.Bf1 Nf8 13.g3 Qf6 14.Bg2 b6 15.b3 Ba6 
16.Bb2 Ne6 17.Nf1 Ng5 18.Nxg5 Qxg5 19.Ne3 Qd8 1/2-1/2

[Event "20th EUR-ch"]
[Site "Skopje MKD"]
[Date "2019.03.19"]
[Round "2"]
[White "Ponomariov, Ruslan"]
[Black "Filip, Lucian-Ioan"]
[Result "1-0"]
[WhiteElo "2667"]
[BlackElo "2438"]
[EventDate "2019.03.18"]
[Board "75"]
[PlyCount "57"]

1.e4 e6 2.d4 d5 3.Nc3 Nf6 4.e5 Nfd7 5.f4 c5 6.Nf3 Nc6 7.Be3 cxd4 8.Nxd4 
Qb6 9.Qd2 Qxb2 10.Rb1 Qa3 11.Bb5 Nxd4 12.Bxd4 a6 13.Bxd7+ Bxd7 14.Rb3 Qe7 
15.Rxb7 Qd8 16.Bb6 Qc8 17.Rc7 Qd8 18.Qd4 Ba3 19.Nb1 Be7 20.c4 Rb8 21.Nd2 
Bb4 22.c5 Rc8 23.Ra7 Qh4+ 24.g3 Qh3 25.Qxb4 Qg2 26.Rf1 Bb5 27.Rf2 Qg1+ 28.
Nf1 Bxf1 29.c6 1-0

[Event "20th EUR-ch"]
[Site "Skopje MKD"]
[Date "2019.03.19"]
[Round "2"]
[White "Dreev, Alexei"]
[Black "Radovanovic, Nikola"]
[Result "1/2-1/2"]
[WhiteElo "2662"]
[BlackElo "2426"]
[EventDate "2019.03.18"]
[Board "76"]
[PlyCount "81"]

1.d4 Nf6 2.Nf3 g6 3.g3 Bg7 4.Bg2 O-O 5.O-O d6 6.b3 e5 7.dxe5 dxe5 8.Ba3 
Qxd1 9.Rxd1 Re8 10.Nc3 e4 11.Nd4 a6 12.e3 b5 13.Bb4 Bb7 14.a4 c6 15.Bd6 
Nbd7 16.b4 Nb6 17.Bf1 Nfd7 18.Rac1 bxa4 19.Ra1 a5 20.Nxa4 axb4 21.Nxb6 
Nxb6 22.Bxb4 Nd5 23.Rxa8 Bxa8 24.Be1 c5 25.Nb3 Rc8 26.Bc4 Nb6 27.Bb5 c4 
28.Na5 Bd5 29.Rb1 c3 30.Ba6 Rb8 31.Rb5 Ba8 32.Rb3 Nd7 33.Rxb8+ Nxb8 34.Bb5
Bd5 35.Bc4 Bxc4 36.Nxc4 Nc6 37.Nd6 f5 38.Nb5 Nb4 39.Bxc3 Bxc3 40.Nxc3 Nxc2
41.Kf1 1/2-1/2

[Event "20th EUR-ch"]
[Site "Skopje MKD"]
[Date "2019.03.19"]
[Round "2"]
[White "Semjonovs, Ilja"]
[Black "Safarli, Eltaj"]
[Result "1/2-1/2"]
[WhiteElo "2401"]
[BlackElo "2662"]
[EventDate "2019.03.18"]
[Board "77"]
[PlyCount "42"]

1.e4 e5 2.Nf3 Nc6 3.Bb5 a6 4.Ba4 d6 5.O-O Bd7 6.d4 exd4 7.Bxc6 Bxc6 8.Qxd4
Nf6 9.Nc3 Be7 10.e5 dxe5 11.Qxd8+ Rxd8 12.Nxe5 Bd5 13.Nxd5 Rxd5 14.Re1 O-O
15.Nd3 Bd6 16.h3 h6 17.Bd2 Nd7 18.Bc3 Nc5 19.Nxc5 Bxc5 20.Rad1 Rfd8 21.
Rxd5 Rxd5 1/2-1/2

[Event "20th EUR-ch"]
[Site "Skopje MKD"]
[Date "2019.03.19"]
[Round "2"]
[White "Moiseenko, Olexandr"]
[Black "Arsovic, Zoran"]
[Result "1-0"]
[WhiteElo "2648"]
[BlackElo "2422"]
[EventDate "2019.03.18"]
[Board "78"]
[PlyCount "70"]

1.d4 Nf6 2.c4 e6 3.Nc3 Bb4 4.Nf3 O-O 5.Bg5 d6 6.e3 Qe7 7.Bd3 h6 8.Bh4 e5 
9.Bc2 Re8 10.O-O Bxc3 11.bxc3 Nbd7 12.Nd2 b6 13.Ba4 g5 14.Bg3 Bb7 15.Re1 
Qe6 16.e4 Red8 17.f3 Nf8 18.Nf1 Nh5 19.Bf2 Ng6 20.Ne3 c6 21.Qc2 Rac8 22.
Bb3 Qe7 23.a4 Ng7 24.g3 Kh8 25.a5 Qf6 26.Qe2 Rb8 27.axb6 axb6 28.Ra7 Nf8 
29.Ng2 c5 30.dxe5 Qxe5 31.Qd3 Nfe6 32.Bc2 Qf6 33.f4 Re8 34.Qd2 gxf4 35.
gxf4 Nh5 1-0

[Event "20th EUR-ch"]
[Site "Skopje MKD"]
[Date "2019.03.19"]
[Round "2"]
[White "Kuzubov, Yuriy"]
[Black "Nikitenko, Mihail"]
[Result "1-0"]
[WhiteElo "2644"]
[BlackElo "2408"]
[EventDate "2019.03.18"]
[Board "79"]
[PlyCount "38"]

1.c4 c6 2.Nf3 Nf6 3.Nc3 d5 4.e3 e6 5.b3 Nbd7 6.Qc2 Bd6 7.Bb2 Qe7 8.d4 b6 
9.Bd3 Bb7 10.O-O O-O 11.Rad1 Rad8 12.cxd5 exd5 13.Rfe1 Bb4 14.a3 Bxa3 15.
Bxa3 Qxa3 16.Ra1 Qd6 17.Rxa7 Rb8 18.Rea1 Rfe8 19.Qb2 Ne4 1-0

[Event "20th EUR-ch"]
[Site "Skopje MKD"]
[Date "2019.03.19"]
[Round "2"]
[White "Zviagintsev, Vadim"]
[Black "Duzhakov, Ilya"]
[Result "1-0"]
[WhiteElo "2642"]
[BlackElo "2405"]
[EventDate "2019.03.18"]
[Board "80"]
[PlyCount "75"]

1.e4 c5 2.Nc3 d6 3.d4 cxd4 4.Qxd4 Nc6 5.Bb5 a6 6.Bxc6+ bxc6 7.Nge2 e5 8.
Qd3 Be7 9.O-O Nf6 10.f4 Nd7 11.f5 a5 12.Qg3 Nf6 13.Be3 h5 14.Rad1 Ba6 15.
Qf3 Qb8 16.b3 Qb4 17.Bd2 Qc5+ 18.Kh1 d5 19.exd5 cxd5 20.Bg5 Rd8 21.Bxf6 
gxf6 22.Rd2 d4 23.Ne4 Qc6 24.Re1 Bb7 25.N2g3 Bb4 26.Nxf6+ Qxf6 27.Qxb7 
Bxd2 28.Ne4 Qh6 29.Qb5+ Kf8 30.Rf1 Bb4 31.a3 Bd6 32.Qxa5 Kg7 33.f6+ Kh7 
34.Qd5 Qf8 35.Ng5+ Kg6 36.Qe4+ Kxg5 37.Rf5+ Kh6 38.Qh4 1-0

[Event "20th EUR-ch"]
[Site "Skopje MKD"]
[Date "2019.03.19"]
[Round "2"]
[White "Yilmaz, Mustafa"]
[Black "Gadimbayli, Abdulla"]
[Result "1-0"]
[WhiteElo "2636"]
[BlackElo "2404"]
[EventDate "2019.03.18"]
[Board "81"]
[PlyCount "31"]

1.d4 Nf6 2.c4 e6 3.Nf3 b6 4.g3 Bb7 5.Bg2 c5 6.d5 exd5 7.cxd5 g6 8.Nc3 d6 
9.O-O Bg7 10.e4 O-O 11.e5 dxe5 12.Nxe5 Nxd5 13.Re1 Nd7 14.Bxd5 Bxd5 15.
Nxd7 Bxc3 16.Qxd5 1-0

[Event "20th EUR-ch"]
[Site "Skopje MKD"]
[Date "2019.03.19"]
[Round "2"]
[White "Piesik, Piotr"]
[Black "Hovhannisian, Robert"]
[Result "1/2-1/2"]
[WhiteElo "2420"]
[BlackElo "2634"]
[EventDate "2019.03.18"]
[Board "82"]
[PlyCount "196"]

1.d4 Nf6 2.Nf3 d5 3.c4 e6 4.Nc3 c6 5.e3 Nbd7 6.Qc2 Bd6 7.b3 O-O 8.Be2 b6 
9.O-O Bb7 10.Bb2 Qe7 11.e4 dxe4 12.Nxe4 Nxe4 13.Qxe4 f5 14.Qe3 c5 15.Rad1 
Rad8 16.Qg5 Nf6 17.dxc5 bxc5 18.Ne5 Qc7 19.Qe3 f4 20.Qh3 Bc8 21.Ng4 e5 22.
Nxf6+ Rxf6 23.Qd3 Bf5 24.Qd5+ Be6 25.Qe4 Re8 26.Bf3 Bf7 27.Rfe1 Qa5 28.Qc2
Bg6 29.Qc3 Qxc3 30.Bxc3 Bb8 31.Rd2 Rff8 32.Bd5+ Kh8 33.f3 h5 34.Kf2 Kh7 
35.Be4 Rd8 36.Bxg6+ Kxg6 37.Red1 Rxd2+ 38.Rxd2 Rf6 39.Rd8 Bc7 40.Rd7 Rc6 
41.Ke2 h4 42.h3 a6 43.Kd3 Kf5 44.Rxg7 Bd8 45.Rd7 Bf6 46.Rd5 Rc8 47.Ke2 Ke6
48.Be1 Be7 49.Bf2 Rg8 50.Kf1 Rc8 51.Be1 Rc7 52.Ba5 Rc8 53.Rd2 Rg8 54.Bc3 
Bf6 55.Re2 Rd8 56.Ke1 Rd7 57.Bd2 Kf5 58.Kd1 Rd8 59.Kc2 Rc8 60.Bc3 Ke6 61.
Kb2 Rd8 62.Ka3 Rd3 63.Bb2 Re3 64.Rd2 e4 65.Bxf6 Kxf6 66.fxe4 Ke5 67.Ka4 
Rg3 68.Ka5 Rg6 69.Re2 Rd6 70.a4 Rc6 71.b4 cxb4 72.Kxb4 Kd4 73.c5 a5+ 74.
Kxa5 Rxc5+ 75.Kb6 Rc3 76.Rb2 f3 77.Rb4+ Ke5 78.gxf3 Rxf3 79.a5 Rxh3 80.a6 
Ra3 81.Rb5+ Kf4 82.a7 h3 83.Ra5 Rxa5 84.Kxa5 h2 85.a8=Q h1=Q 86.Qb8+ Ke3 
87.Qb6+ Kf4 88.Qd6+ Kg5 89.e5 Qa1+ 90.Kb6 Qb1+ 91.Kc6 Qe4+ 92.Kd7 Qb7+ 93.
Kd8 Qa8+ 94.Ke7 Qb7+ 95.Qd7 Qb4+ 96.Qd6 Qb7+ 97.Kf8 Qf3+ 98.Ke7 Qb7+ 
1/2-1/2

[Event "20th EUR-ch"]
[Site "Skopje MKD"]
[Date "2019.03.19"]
[Round "2"]
[White "Fridman, Daniel"]
[Black "Zarubitski, Viachaslau"]
[Result "1/2-1/2"]
[WhiteElo "2633"]
[BlackElo "2404"]
[EventDate "2019.03.18"]
[Board "83"]
[PlyCount "104"]

1.d4 d5 2.c4 c6 3.Nf3 Nf6 4.Nc3 dxc4 5.a4 Bf5 6.Ne5 Nbd7 7.Nxc4 Qc7 8.g3 
e5 9.dxe5 Nxe5 10.Bf4 Nfd7 11.Bg2 g5 12.Nxe5 gxf4 13.Nxd7 Qxd7 14.Qxd7+ 
Kxd7 15.O-O-O+ Kc7 16.gxf4 h5 17.Bf3 Bd6 18.e3 Rag8 19.Rdg1 h4 20.Be4 Bd7 
21.Ne2 Be7 22.Rxg8 Rxg8 23.Rg1 Rxg1+ 24.Nxg1 f5 25.Bc2 Bf6 26.Nf3 Kd6 27.
Ng5 b5 28.axb5 cxb5 29.Nf7+ Kc5 30.Nh6 b4 31.Bxf5 Bb5 32.Ng4 Bg7 33.Be4 
Kd6 34.Bc2 Be2 35.Ne5 Bxe5 36.fxe5+ Kxe5 37.f4+ Kd5 38.Bd1 Bb5 39.Bc2 a5 
40.b3 Be2 41.Kd2 Bf3 42.Bg6 Kc5 43.Bc2 Kd5 44.Ke1 Bh5 45.Kf2 Bg4 46.Bg6 
Kc5 47.Bf7 Bd1 48.Ke1 Bc2 49.Kd2 Bf5 50.Bh5 Be4 51.Bd1 Kd5 52.Bc2 Bf3 
1/2-1/2

[Event "20th EUR-ch"]
[Site "Skopje MKD"]
[Date "2019.03.19"]
[Round "2"]
[White "Jackson, James P"]
[Black "Gledura, Benjamin"]
[Result "0-1"]
[WhiteElo "2377"]
[BlackElo "2630"]
[EventDate "2019.03.18"]
[Board "84"]
[PlyCount "94"]

1.e4 e5 2.Nf3 Nc6 3.Bb5 a6 4.Ba4 Nf6 5.O-O Be7 6.Re1 b5 7.Bb3 O-O 8.c3 d6 
9.h3 Bb7 10.d4 Re8 11.Nbd2 Bf8 12.a3 h6 13.Bc2 d5 14.dxe5 Nxe5 15.Nxe5 
Rxe5 16.f4 Re8 17.e5 d4 18.Nf3 dxc3 19.Qxd8 Raxd8 20.exf6 Bxf3 21.Rxe8 
Rxe8 22.gxf3 Re2 23.Be4 cxb2 24.Bxb2 Rxb2 25.Rc1 Bd6 26.Rc6 gxf6 27.Rxa6 
Kg7 28.Bc6 Bxf4 29.Ra8 Bd6 30.Rb8 Rc2 31.Bd7 c6 32.Rc8 Bxa3 33.Rxc6 Bc5+ 
34.Kf1 b4 35.Bf5 Rc1+ 36.Ke2 b3 37.Rc7 b2 38.Rb7 Bd4 39.h4 Rc5 40.Bb1 Rc3 
41.Rxb2 Re3+ 42.Kd2 Rxf3 43.Rb7 Be3+ 44.Kd3 Bf4+ 45.Kd4 Rg3 46.Ba2 h5 47.
Bxf7 Be5+ 0-1

[Event "20th EUR-ch"]
[Site "Skopje MKD"]
[Date "2019.03.19"]
[Round "2"]
[White "Movsesian, Sergei"]
[Black "Osmak, Iulija"]
[Result "1-0"]
[WhiteElo "2627"]
[BlackElo "2399"]
[EventDate "2019.03.18"]
[Board "85"]
[PlyCount "111"]

1.d4 d5 2.Bg5 Nf6 3.Bxf6 exf6 4.e3 Be6 5.g3 Bd6 6.Bg2 c6 7.Ne2 Nd7 8.O-O 
O-O 9.b3 a5 10.a4 f5 11.Qd3 Nf6 12.c4 g6 13.Nbc3 Bc7 14.Rac1 Qd7 15.cxd5 
Nxd5 16.Nxd5 Bxd5 17.Bxd5 Qxd5 18.Qc4 Rfd8 19.Nc3 Qf3 20.Rfd1 Rd7 21.Qe2 
Qxe2 22.Nxe2 Rad8 23.Rc2 Bd6 24.Nc1 h5 25.h4 f6 26.Kg2 Kf7 27.Nd3 Bf8 28.
Kf3 Rd5 29.Ke2 Be7 30.Rb1 R5d7 31.Nb2 Bb4 32.Nc4 Re7 33.Rd1 Red7 34.Rcc1 
Ke6 35.Rd3 Kf7 36.Rcd1 b5 37.Nd2 bxa4 38.bxa4 c5 39.Nc4 cxd4 40.exd4 Rc8 
41.Ne3 Bd6 42.Rb1 f4 43.gxf4 Bxf4 44.Rb5 Ra8 45.Kf3 Bh2 46.d5 Raa7 47.Nc4 
Bc7 48.d6 Bd8 49.Ke4 Ke6 50.Kd4 Rdb7 51.Kc5 Kd7 52.f4 Kc8 53.Rg3 Rg7 54.
Rgb3 Ra8 55.Kd5 Rg8 56.Rb7 1-0

[Event "20th EUR-ch"]
[Site "Skopje MKD"]
[Date "2019.03.19"]
[Round "2"]
[White "Onischuk, Volodymyr"]
[Black "Saraci, Nderim"]
[Result "1-0"]
[WhiteElo "2626"]
[BlackElo "2391"]
[EventDate "2019.03.18"]
[Board "86"]
[PlyCount "79"]

1.e4 c5 2.Nf3 d6 3.d4 cxd4 4.Nxd4 Nf6 5.Nc3 g6 6.g3 Bg7 7.Bg2 O-O 8.h3 Nc6
9.Nb3 Bd7 10.O-O Ne5 11.a4 Rc8 12.Re1 Nc4 13.Ra2 b6 14.Nd4 a6 15.b3 Na5 
16.Nd5 Nc6 17.Nxc6 Bxc6 18.Nb4 Ba8 19.Nxa6 e6 20.Ba3 Bb7 21.Nb4 Qc7 22.c4 
Rfd8 23.Rd2 Nd7 24.Nc2 Bc3 25.Bxd6 Nc5 26.Bxc7 Rxd2 27.Bxb6 Rxd1 28.Rxd1 
Nxb3 29.Na3 Nd2 30.a5 Bb4 31.c5 Bxe4 32.Nb5 Nf3+ 33.Kh1 Ra8 34.Nd4 Nd2 35.
c6 Bd5 36.Bxd5 exd5 37.c7 Ne4 38.Nc6 Bd6 39.Rxd5 f5 40.Kg2 1-0

[Event "20th EUR-ch"]
[Site "Skopje MKD"]
[Date "2019.03.19"]
[Round "2"]
[White "Sarana, Alexei"]
[Black "Drazic, Sinisa"]
[Result "1-0"]
[WhiteElo "2625"]
[BlackElo "2370"]
[EventDate "2019.03.18"]
[Board "87"]
[PlyCount "45"]

1.d4 Nf6 2.Nf3 e6 3.c4 d5 4.Nc3 c5 5.cxd5 exd5 6.Bg5 Be6 7.Bxf6 Qxf6 8.e4 
cxd4 9.Bb5+ Nc6 10.Nxd5 Qd8 11.O-O a6 12.Bxc6+ bxc6 13.Nf4 Bc4 14.Qc2 Bd6 
15.Qxc4 Bxf4 16.Qxc6+ Ke7 17.e5 Rc8 18.Qe4 Bh6 19.Nxd4 Kf8 20.Rad1 Qb6 21.
Nf5 Re8 22.Rd7 Qxb2 23.Qd5 1-0

[Event "20th EUR-ch"]
[Site "Skopje MKD"]
[Date "2019.03.19"]
[Round "2"]
[White "Erenberg, Ariel"]
[Black "Kozul, Zdenko"]
[Result "1-0"]
[WhiteElo "2394"]
[BlackElo "2619"]
[EventDate "2019.03.18"]
[Board "88"]
[PlyCount "70"]

1.d4 Nf6 2.c4 g6 3.g3 d5 4.cxd5 Nxd5 5.Bg2 Nc6 6.Nf3 Bg7 7.O-O Nb6 8.e3 
O-O 9.Nc3 a5 10.b3 e5 11.Ba3 Re8 12.Nxe5 Nxe5 13.dxe5 Qxd1 14.Rfxd1 Bxe5 
15.Rac1 a4 16.bxa4 c6 17.Ne4 Rxa4 18.Bd6 f5 19.Nc5 Rxa2 20.Bxe5 Rxe5 21.
Rd8+ Kg7 22.h4 Ra7 23.Rc3 Ra1+ 24.Kh2 Ra2 25.Kg1 f4 26.gxf4 Rh5 27.Rc1 
Rxh4 28.Rb1 Bf5 29.e4 Rxf4 30.Nd3 Rxe4 31.Bxe4 Bxe4 32.Rxb6 g5 33.Rxb7+ 
Kh6 34.f3 Bxf3 35.Rd6+ Kh5 1-0

[Event "20th EUR-ch"]
[Site "Skopje MKD"]
[Date "2019.03.19"]
[Round "2"]
[White "Borsuk, Konstantin"]
[Black "Smirin, Ilia"]
[Result "0-1"]
[WhiteElo "2346"]
[BlackElo "2618"]
[EventDate "2019.03.18"]
[Board "89"]
[PlyCount "30"]

1.d4 Nf6 2.c4 g6 3.Nc3 Bg7 4.e4 d6 5.Be2 O-O 6.Nf3 Nbd7 7.O-O e5 8.Re1 Re8
9.d5 Nc5 10.Qc2 a5 11.Nd2 Ng4 12.Nf1 Qh4 13.g3 Qh3 14.f3 Nxh2 15.Kf2 f5 
0-1